|
|
|
|
| LEADER |
00000nab a2200000 a 4500 |
| 001 |
vtls001509410 |
| 003 |
SK-MaSNL |
| 005 |
20260225150156.0 |
| 008 |
140821s2001 xo 000 0 slo |
| 035 |
|
|
|a SPKCL11737
|
| 040 |
|
|
|a SPKCL
|b slo
|c SNKBUCL
|d ÚIP-SPK(DP)
|e AACR2
|
| 041 |
|
|
|a slo
|
| 044 |
|
|
|a xo
|c SK
|
| 080 |
|
|
|a 323(437.6):3-053.6:061.213
|2 1981
|
| 100 |
1 |
|
|a Macháček, Ladislav,
|d 1942-2015
|4 aut
|
| 245 |
1 |
0 |
|a Sociologické súvislosti tvorby mládežníckej politiky v SR
|c Ladislav Macháček
|
| 520 |
|
|
|a Kreovanie mládežníckej politiky v rokoch 1989-1998. Realizácia jej programu po roku 1998. Legitimizácia občianských združení mládeže pre jej zastupovanie v SR. Stav v podiele mládeže na členstve v občianských združeniach detí a mládeže.
|
| 773 |
1 |
|
|t Mládež a spoločnosť
|g Roč. 7, č. 1 (2001) s. [5]-18
|
| 850 |
|
|
|a Slovenská pedagogická knižnica Bratislava
|
| 852 |
|
|
|a SPKCL
|b KIS3GCP
|b 000710000
|n SK
|
| 999 |
|
|
|c 1777813
|d 1779743
|